Представление документа в формате MARC21

ПолеНазваниеЗначение
  Тип записи a
  Библиографический уровень m
001 Контрольный номер RU\infra-m\znanium\bibl\1902083
005 Дата корректировки 20230313235253.1
008 Кодируемые данные 220811s2022 RU g rus u
020 Индекс ISBN __
a ISBN 978-5-9729-1062-5
040 Источник каталогиз. __
a Служба первич. каталог. Общество с ограниченной ответственностью «ЗНАНИУМ»
041 Код языка издания __
a Код языка текста rus
044 Код страны публикации __
a Код страны публикации RU
080 Индекс УДК __
a Индекс УДК 71
084 Индекс другой классификации/Индекс ББК __
2 Источник индекса rubbk
a Индекс другой классификации/Индекс ББК 268
084 Индекс другой классификации/Индекс ББК __
2 Источник индекса okso
a Индекс другой классификации/Индекс ББК 21.05.03
084 Индекс другой классификации/Индекс ББК __
2 Источник индекса okso
a Индекс другой классификации/Индекс ББК 21.05.02
100 Автор __
a Автор Торгашев Роман Евгеньевич
q Полное имя Роман Евгеньевич
245 Заглавие __
a Заглавие Ландшафтоведение
b Продолж. заглавия Учебник
c Ответственность Российский государственный гуманитарный университет РГГУ
260 Выходные данные __
a Место издания Вологда
b Издательство Инфра-Инженерия
c Дата издания 2022
300 Физическое описание __
a Объем 192 с.
520 Аннотация __
a Аннотация Дана комплексная физико-географическая характеристика ландшафтов раскрыты основные понятия виды физико-географические и геологические процессы прогнозы влияние деятельности человека и др. Приводятся некоторые статистические и исторические сведения о физико-географических и геологических процессах Земли. Представлены современные сведения связанные с ландшафтоведением и эпигеосферой.
521 Примеч. о цел. назн. __
a Примеч. о целев. назн. ВО - Бакалавриат
650 Тематические рубрики __
a Основная рубрика Науки о Земле. Экология
x Основная подрубрика Физическая география
856 Электронный адрес документа 4_
a Имя сервера/домена znanium.com
m Помощь ebs_support@infra-m.ru
n Местонахождение сервера НИЦ ИНФРА-М
u URL https://znanium.com/catalog/document?id=417113
856 Электронный адрес документа 41
a Имя сервера/домена znanium.com
d Путь /cover/1902
f Электронное имя 1902083.jpg
q Тип электронного формата image/jpeg
u URL https://znanium.com/cover/1902/1902083.jpg
911 __
u 0030=https://znanium.com/catalog/document?id=417113
911 __
u 608a=Учебник
u 6082=local
911 __
u 9032=083
911 __
u 951p=s://znanium.com/catalog/document?id=417113&pid=